Một số biện pháp giáo dục lòng nhân ái cho trẻ mẫu giáo lớn thông qua hoạt động làm quen với tác phẩm văn học

Cơ sở lí luận và thực tiễn của việc giáo dục lòng nhân ái cho trẻ mẫu giáo lớn ở trường mầm non. Tổ chức các hoạt động làm quen với tác phẩm văn học theo các biện pháp giáo dục lòng nhân ái cho trẻ mẫu giáo lớn. Đánh giá thực trạng của trẻ mẫu giáo lớn về lòng nhân ái của trẻ trên địa bàn thành phố...

תיאור מלא

שמור ב:
מידע ביבליוגרפי
מחבר ראשי: Đặng Thị Hoàng Anh
מחברים אחרים: Lê Thị Tấn Th.S (Hướng dẫn)
פורמט: ספר
שפה:Vietnamese
יצא לאור: Đà Nẵng Đại học Sư phạm, Đại học Đà Nẵng 2012
נושאים:
תגים: הוספת תג
אין תגיות, היה/י הראשונ/ה לתייג את הרשומה!
Thư viện lưu trữ: Mạng thư viện Đại học Đà Nẵng
LEADER 02024nam a2200325 4500
001 000016848
003 13257
005 20130104100110.0
008 121228s2012 viesd
041 0 |a vie 
082 |a 372.24  |b ĐĂ-A 
100 1 |a Đặng Thị Hoàng Anh 
245 0 |a Một số biện pháp giáo dục lòng nhân ái cho trẻ mẫu giáo lớn thông qua hoạt động làm quen với tác phẩm văn học  |c Đặng Thị Hoàng Anh 
260 |a Đà Nẵng  |b Đại học Sư phạm, Đại học Đà Nẵng  |c 2012 
300 |a 72 tr., phụ lục 4 tr.  |b Biểu đồ  |c 29 cm.  |e Đĩa CD, tài liệu tóm tắt 
500 |a Khóa luận tốt nghiệp đại học. Chuyên ngành: Sư phạm Mầm Non 
504 |a Mục lục đầu trang, tài liệu tham khảo tr. 73 - 74, phụ lục [13 tr.] 
520 |a Cơ sở lí luận và thực tiễn của việc giáo dục lòng nhân ái cho trẻ mẫu giáo lớn ở trường mầm non. Tổ chức các hoạt động làm quen với tác phẩm văn học theo các biện pháp giáo dục lòng nhân ái cho trẻ mẫu giáo lớn. Đánh giá thực trạng của trẻ mẫu giáo lớn về lòng nhân ái của trẻ trên địa bàn thành phố Đà Nẵng. Một số biện pháp giáo dục lòng nhân ái cho trẻ mẫu giáo lớn thông qua hoạt động làm quen với tác phẩm văn học. Kết quả thực nghiệm sư phạm. 
653 |a Khoa Tiểu học Mầm Non 
700 |a Lê Thị Tấn  |c Th.S  |e Hướng dẫn 
OWN |a LSP 
AVA |a UDN50  |b LSP  |d 372.24 ĐĂ-A  |e available  |t Error 5001 Not defined in file expand_doc_bib_avail.  |f 1  |g 0  |h N  |i 0  |k 1 
999 |a From the UDN01 
AVA |a UDN50  |b LSP  |d 372.24 ĐĂ-A  |e available  |t Error 5001 Not defined in file expand_doc_bib_avail.  |f 1  |g 0  |h N  |i 0  |k 1 
TYP |a Monograph 
TYP |a Printed language 
980 |a Mạng thư viện Đại học Đà Nẵng